Derecho real de superficie. (Objeto del derecho real y facultades del superficiario) / (Registro nro. 5332)
[ vista simple ]
| 000 -LEADER | |
|---|---|
| fixed length control field | 01829nab a22002657a 4500 |
| 003 - CONTROL NUMBER IDENTIFIER | |
| control field | OSt |
| 005 - DATE AND TIME OF LATEST TRANSACTION | |
| control field | 20250221114842.0 |
| 008 - FIXED-LENGTH DATA ELEMENTS--GENERAL INFORMATION | |
| fixed length control field | 190603e xxum|||| |||| 00| 0 spa d |
| 040 ## - CATALOGING SOURCE | |
| Transcribing agency | PJ-TDF |
| 100 ## - MAIN ENTRY--PERSONAL NAME | |
| 9 (RLIN) | 6377 |
| Personal name | Pepe, Marcelo A. |
| 245 10 - TITLE STATEMENT | |
| Title | Derecho real de superficie. (Objeto del derecho real y facultades del superficiario) / |
| Statement of responsibility, etc | Marcelo A. Pepe. |
| 260 ## - PUBLICATION, DISTRIBUTION, ETC. (IMPRINT) | |
| Date of publication, distribution, etc | Ciudad Autónoma de Buenos Aires : |
| Place of publication, distribution, etc | Thomson Reuters La Ley, |
| Name of publisher, distributor, etc | 2024. |
| 300 ## - PHYSICAL DESCRIPTION | |
| Extent | p. 145-164 |
| 500 ## - GENERAL NOTE | |
| General note | Cita: TR LALEY AR/DOC/1975/2024.<br/><br/>Publicado en: R.C.C. y C. 2024 (Septiembre-Octubre). EDICIÓN ESPECIAL: XXIX Jornadas Nacionales de Derecho Civil. |
| 505 ## - FORMATTED CONTENTS NOTE | |
| Formatted contents note | Sumario: I. Introducción.— II. El derecho real de superficie en el Cód. Civ. y Com.— III. Constitución del derecho real de superficie. Implicancias registrales y catastrales.— IV. Objeto de los derechos reales y del derecho real de superficie.— V. Emplazamiento del derecho real de superficie.— VI. Modalidades.— VII. Legitimados para constituir derecho real de superficie.— VIII. Adquisición del derecho real de superficie.— IX. Facultades del titular superficiario. Constitución de hipoteca.— X. Quid de la transmisibilidad de la superficie. Renuncia.— XI. La facultad del superficiario para constituir propiedad horizontal. |
| 505 ## - FORMATTED CONTENTS NOTE | |
| Title | ¿Te interesa el texto completo? Solicitalo al correo: koha@justierradelfuego.gov.ar |
| 650 #0 - SUBJECT ADDED ENTRY--TOPICAL TERM | |
| 9 (RLIN) | 1821 |
| Topical term or geographic name as entry element | DERECHOS REALES |
| 650 #0 - SUBJECT ADDED ENTRY--TOPICAL TERM | |
| 9 (RLIN) | 1497 |
| Topical term or geographic name as entry element | CODIGO CIVIL Y COMERCIAL |
| 650 #0 - SUBJECT ADDED ENTRY--TOPICAL TERM | |
| 9 (RLIN) | 3981 |
| Topical term or geographic name as entry element | DERECHO REAL DE SUPERFICIE FORESTAL |
| 650 #0 - SUBJECT ADDED ENTRY--TOPICAL TERM | |
| 9 (RLIN) | 1608 |
| Topical term or geographic name as entry element | INSCRIPCION REGISTRAL |
| 650 #0 - SUBJECT ADDED ENTRY--TOPICAL TERM | |
| 9 (RLIN) | 1819 |
| Topical term or geographic name as entry element | HIPOTECA |
| 650 #0 - SUBJECT ADDED ENTRY--TOPICAL TERM | |
| 9 (RLIN) | 2309 |
| Topical term or geographic name as entry element | PROPIEDAD HORIZONTAL |
| 773 0# - HOST ITEM ENTRY | |
| Host Biblionumber | 2713 |
| Host Itemnumber | 3170 |
| Place, publisher, and date of publication | Ciudad Autónoma de Buenos Aires : Thomson Reuters La Ley, 2015- |
| Title | Revista Código Civil y Comercial. Nº 5 - Septiembre-Octubre 2024 |
| 942 ## - ADDED ENTRY ELEMENTS (KOHA) | |
| Source of classification or shelving scheme | |
| Koha item type | Analítica Artículo de Revista |
No hay ítems disponibles.
